Polskie Filmy na YT powyżej 100 milionów wyświetleń - Statystyki

Ogólne statystyki
  • Ten quiz został rozwiązany 247 razy
    158 od ostatniego zresetowania
  • Średni wynik to 4 z 17
Statystyki odpowiedzi
Filmy % Poprawnych
Sa Wardega - Mutant Giant Spider Dog
53%
GrubSon - Na Szczycie
52%
Ronnie Ferrari - Ona By Tak Chciała
44%
SŁAWOMIR - Miłość w Zakopanem
43%
Tymek - Język Ciała
41%
Akcent - Przez Twe Oczy Zielone
39%
Weekend - Ona Tańczy Dla Mnie
29%
Gummi Miś - Bańkę Łap
17%
Mini Disco - Kaczuszki
17%
CZADOMAN - Ruda Tańczy Jak Szalona
12%
PIERSI - Bałkanica
11%
Sylwia Grzeszczak - Tamta Dziewczyna
11%
Aida - Mucha W Mucholocie
6%
Boogie Woogie
5%
Idziemy do ZOO
4%
Kraina Lodu - Mam Tę Moc
3%
Paweł Domagała - Weź nie pytaj
2%
Nie znaleziono quizów pasujących do podanych kryteriów
Rozkład punktacji
Procent ludzi z każdym wynikiem
Percentyl według liczby udzielonych odpowiedzi
Twoja historia wyników
Nie rozwiązałeś tego quizu od ostatniego zresetowania